[Event "SF Katernberg 2 - SG Porz 2"]
[Site "Oberliga NRW 2010/2011"]
[Date "2011.01.30"]
[Round "6.4"]
[White "Hoolt, Sarah"]
[Black "Coenen, Michael"]
[Result "1-0"]
[WhiteElo "2217"]
[BlackElo "2304"]
[PlyCount "55"]
[EventDate "2011.??.??"]

1. e4 e5 2. Nf3 Nc6 3. Bc4 Nf6 4. d3 Bc5 5. Bb3 d6 6. c3 Bg4 7. h3 Bh5 8. Nbd2
O-O 9. Nf1 d5 10. Qe2 Bg6 11. Ng3 dxe4 12. dxe4 Nh5 13. Nxh5 Bxh5 14. g4 Bg6
15. h4 h5 16. Ng5 hxg4 17. h5 Bh7 18. h6 Bg6 19. Qxg4 Qf6 20. Nf3 Na5 21. hxg7
Rfe8 22. Bg5 Qxg7 23. Qh4 Qh7 24. Bf6 Be7 25. Bxf7+ Kf8 26. Bxg6 Qxg6 27. Qh8+
Kf7 28. Nxe5+ 1-0

[Event "SF Katernberg 2 - SG Porz 2"]
[Site "Oberliga NRW 2010/2011"]
[Date "2011.01.30"]
[Round "6.5"]
[White "Savchenko, Aleksij"]
[Black "Bachmann, Karlheinz"]
[Result "1-0"]
[WhiteElo "2207"]
[BlackElo "2211"]
[PlyCount "47"]
[EventDate "2011.??.??"]

1. d4 d5 2. c4 dxc4 3. Nf3 Nf6 4. e3 e6 5. Bxc4 c5 6. O-O a6 7. a4 Nc6 8. Qe2
cxd4 9. Rd1 Be7 10. exd4 O-O 11. Nc3 Nb4 12. Bg5 Re8 13. Ne5 Nfd5 14. Bxe7 Rxe7
15. Ne4 Rc7 16. a5 b6 17. axb6 Nxb6 18. Bb3 Bb7 19. Nc5 Bd5 20. Bxd5 N6xd5 21.
Ra3 a5 22. Rg3 Nf6 23. Qf3 Qd5 24. Qxf6 1-0

[Event "SF Katernberg 2 - SG Porz 2"]
[Site "Oberliga NRW 2010/2011"]
[Date "2011.01.30"]
[Round "6.6"]
[White "Krueger, Erich"]
[Black "Gallinnis, Norbert"]
[Result "0-1"]
[WhiteElo "2063"]
[BlackElo "2223"]
[PlyCount "84"]
[EventDate "2011.??.??"]

1. d4 Nf6 2. c4 c5 3. d5 Ne4 4. Qc2 Qa5+ 5. Nd2 Nd6 6. e4 g6 7. Ngf3 Bg7 8. Bd3
e5 9. O-O O-O 10. a3 Qc7 11. b4 b6 12. Nb3 f5 13. bxc5 bxc5 14. Bd2 a5 15. Rab1
fxe4 16. Bxe4 Nxe4 17. Qxe4 d6 18. Ng5 Bf5 19. Ne6 Qe7 20. Qe3 Bxe6 21. dxe6
Nc6 22. Qe4 Ra6 23. Qd5 Re8 24. f4 Qxe6 25. Qxe6+ Rxe6 26. Nxa5 e4 27. Nxc6
Rxc6 28. Rb8+ Kf7 29. f5 Bd4+ 30. Kh1 gxf5 31. Rxf5+ Rf6 32. Rb7+ Ke6 33. Rxf6+
Kxf6 34. a4 e3 35. Be1 Kf5 36. a5 Ke4 37. h4 Kd3 38. Rb6 Rc7 39. a6 Kxc4 40.
Rb7 Rc6 41. a7 Ra6 42. Bg3 e2 0-1

[Event "SF Katernberg 2 - SG Porz 2"]
[Site "Oberliga NRW 2010/2011"]
[Date "2011.01.30"]
[Round "6.7"]
[White "Peschlow, Patrick"]
[Black "Stratmann, Holger"]
[Result "1-0"]
[WhiteElo "2280"]
[BlackElo "1987"]
[PlyCount "51"]
[EventDate "2011.??.??"]

1. e4 e5 2. Nf3 Nc6 3. Nc3 Nf6 4. g3 Bc5 5. Bg2 d6 6. d3 a6 7. O-O Bg4 8. h3
Be6 9. Be3 h6 10. d4 exd4 11. Nxd4 Nxd4 12. Bxd4 Bxd4 13. Qxd4 O-O 14. Rad1 Nd7
15. f4 f6 16. Kh2 Nb6 17. g4 Re8 18. b3 Bf7 19. h4 f5 20. g5 hxg5 21. hxg5 fxe4
22. Nxe4 d5 23. Ng3 Qd6 24. f5 Kf8 25. g6 Bg8 26. f6 1-0

[Event "SF Katernberg 2 - SG Porz 2"]
[Site "Oberliga NRW 2010/2011"]
[Date "2011.01.30"]
[Round "6.8"]
[White "Armbruester, Juergen"]
[Black "Kremser, Michael"]
[Result "1/2-1/2"]
[WhiteElo "1955"]
[BlackElo "1984"]
[PlyCount "90"]
[EventDate "2011.??.??"]

1. e4 c5 2. Nf3 d6 3. d4 cxd4 4. Nxd4 Nf6 5. Nc3 a6 6. Be2 e5 7. Nb3 Be6 8. O-O
Be7 9. Bg5 Nbd7 10. f3 b5 11. Kh1 O-O 12. Nd5 Nxd5 13. exd5 Bf5 14. Bxe7 Qxe7
15. Na5 Nb6 16. c4 bxc4 17. Nxc4 Nxc4 18. Bxc4 Rfc8 19. Qe2 Qg5 20. b3 a5 21.
Rad1 Rc5 22. Qd2 Qxd2 23. Rxd2 g5 24. g3 a4 25. Kg2 Kg7 26. Kf2 axb3 27. axb3
Ra3 28. Re1 Kf6 29. Ree2 Bg6 30. Ra2 Rxa2 31. Rxa2 e4 32. f4 gxf4 33. gxf4 Rc7
34. Ra6 Ke7 35. Ke3 f5 36. Kd4 Rb7 37. Kc3 Be8 38. Ra5 Kd8 39. Ra8+ Ke7 40. Ra5
h6 41. b4 Kd8 42. b5 Kc7 43. Kb4 Bh5 44. Ra2 Kb6 45. Ra6+ Kc7 1/2-1/2

[Event "Godesberger SK 1 - PSV Duisburg 1"]
[Site "Oberliga NRW 2010/2011"]
[Date "2011.01.30"]
[Round "6.1"]
[White "Wengenroth, Walter"]
[Black "Dranov, Aleksandr"]
[Result "1/2-1/2"]
[WhiteElo "2273"]
[BlackElo "2442"]
[PlyCount "85"]
[EventDate "2011.??.??"]

1. e4 c5 2. Nf3 d6 3. d4 cxd4 4. Nxd4 Nf6 5. Nc3 Nc6 6. Bg5 e6 7. Qd2 Be7 8.
O-O-O O-O 9. Nb3 Qb6 10. f3 Rd8 11. Nb5 Rd7 12. Qe1 a6 13. N5d4 Qc7 14. h4 b5
15. Nxc6 Qxc6 16. Nd4 Qc7 17. g4 Bb7 18. Bd3 Rc8 19. Kb1 Qd8 20. Bc1 Rdc7 21.
g5 Nh5 22. f4 g6 23. Rf1 e5 24. fxe5 dxe5 25. Nf3 Bd6 26. Nh2 Qd7 27. Qf2 Qh3
28. Rde1 Bc5 29. Be3 Nf4 30. Bxc5 Rxc5 31. Re3 Qe6 32. Qf3 R8c7 33. Ng4 Nh5 34.
Qe2 Bc8 35. Nh6+ Kf8 36. Ref3 Nf4 37. Qf2 Qe7 38. Rxf4 exf4 39. Qd4 Qe5 40.
Qd8+ Qe8 41. Qf6 Qe5 42. Qd8+ Qe8 43. Qf6 1/2-1/2

[Event "Godesberger SK 1 - PSV Duisburg 1"]
[Site "Oberliga NRW 2010/2011"]
[Date "2011.01.30"]
[Round "6.2"]
[White "Jackelen, Thomas"]
[Black "Fleck, Juergen"]
[Result "1/2-1/2"]
[WhiteElo "2378"]
[BlackElo "2358"]
[PlyCount "60"]
[EventDate "2011.??.??"]

1. d4 Nf6 2. c4 g6 3. Nc3 Bg7 4. e4 d6 5. Nf3 O-O 6. Be2 e5 7. O-O Nc6 8. Be3
Re8 9. dxe5 dxe5 10. h3 b6 11. c5 Bb7 12. Rc1 Nd4 13. Nxd4 exd4 14. Bxd4 Nxe4
15. Bxg7 Kxg7 16. cxb6 axb6 17. Nxe4 Bxe4 18. Qxd8 Raxd8 19. Bb5 Re5 20. a4 c5
21. Rfe1 Kf6 22. f4 Re6 23. Rcd1 Rxd1 24. Rxd1 Bc2 25. Rd2 Bb3 26. Kf2 Re4 27.
Rd6+ Ke7 28. Rxb6 Bxa4 29. Rb7+ Kf6 30. g3 Rb4 1/2-1/2

[Event "Godesberger SK 1 - PSV Duisburg 1"]
[Site "Oberliga NRW 2010/2011"]
[Date "2011.01.30"]
[Round "6.3"]
[White "Kistella, Roman"]
[Black "Mertens, Heiko"]
[Result "0-1"]
[WhiteElo "2286"]
[BlackElo "2327"]
[PlyCount "104"]
[EventDate "2011.??.??"]

1. d4 Nf6 2. c4 e6 3. Nc3 Bb4 4. e3 O-O 5. Bd3 d5 6. Nf3 Nc6 7. O-O a6 8. h3 h6
9. a3 dxc4 10. Bxc4 Bd6 11. e4 e5 12. Be3 b5 13. Ba2 Bb7 14. d5 Ne7 15. Nd2 c6
16. dxc6 Bxc6 17. Rc1 a5 18. Bb1 b4 19. axb4 axb4 20. Ne2 Qb8 21. Ng3 Bb5 22.
Re1 Rd8 23. Qf3 Nh7 24. h4 Nf8 25. Bc2 Bd7 26. Nh5 Neg6 27. Bb3 Ne6 28. g3 Bf8
29. Nf1 Be8 30. Bxe6 fxe6 31. Nh2 Qb7 32. Qg4 Qf7 33. Bc5 Ne7 34. Nxg7 Qxg7 35.
Qxe6+ Bf7 36. Qh3 Ng6 37. Ng4 h5 38. Ne3 Bxc5 39. Rxc5 Nf4 40. Qf5 Nd3 41. Rec1
Nxc1 42. Rxc1 Bg6 43. Qe6+ Qf7 44. Qxe5 Rd2 45. Nf5 Bxf5 46. exf5 Rd5 47. Qe4
Qxf5 48. Qxb4 Rf8 49. Rf1 Kh7 50. Qb6 Rf7 51. Qe3 Rd3 52. Qb6 Rxg3+ 0-1

[Event "Godesberger SK 1 - PSV Duisburg 1"]
[Site "Oberliga NRW 2010/2011"]
[Date "2011.01.30"]
[Round "6.4"]
[White "Schmidt, Bodo"]
[Black "Schmitz, Joachim"]
[Result "1/2-1/2"]
[WhiteElo "2333"]
[BlackElo "2278"]
[PlyCount "152"]
[EventDate "2011.??.??"]

1. d4 Nf6 2. c4 g6 3. Nc3 Bg7 4. Bg5 d6 5. e3 O-O 6. Nf3 c5 7. d5 h6 8. Bh4 e5
9. Nd2 Qe8 10. Be2 Na6 11. O-O Nc7 12. Nde4 Nxe4 13. Nxe4 g5 14. Nxd6 Qd7 15.
Nxc8 gxh4 16. Ne7+ Qxe7 17. d6 Qe6 18. dxc7 Rac8 19. Qa4 Rxc7 20. Rad1 e4 21.
Qxa7 Bxb2 22. Rd5 Be5 23. Rb1 b5 24. Qa5 b4 25. Rxc5 Bxh2+ 26. Kh1 Rxc5 27.
Qxc5 Bd6 28. Qh5 Ra8 29. c5 Bc7 30. Rxb4 Rxa2 31. Rd4 Ra1+ 32. Rd1 Rxd1+ 33.
Bxd1 Qe5 34. Qxe5 Bxe5 35. Bg4 Kg7 36. Bf5 Kf6 37. Bxe4 Ke6 38. f4 Bc3 39. Kg1
Bd2 40. Kf2 Ba5 41. Ke2 Bb4 42. c6 Ba5 43. Bf3 Kd6 44. Bh5 f6 45. Be8 Kd5 46.
Kf3 h5 47. e4+ Kd6 48. Ke3 Bc7 49. Kf3 Bb6 50. e5+ fxe5 51. f5 Bd8 52. Ke4 Bf6
53. Kd3 Bd8 54. Kc4 Bc7 55. f6 Ke6 56. f7 Ke7 57. Kd5 Kf8 58. Ke4 Kg7 59. Kd3
Kf8 60. Kc4 Ke7 61. Kc5 Kf8 62. Kb5 Ke7 63. Ka6 e4 64. Kb7 Bg3 65. c7 Bxc7 66.
Kxc7 h3 67. gxh3 h4 68. Bd7 e3 69. Bg4 e2 70. Bxe2 Kxf7 71. Kd6 Kf6 72. Bd3 Kg7
73. Ke7 Kh8 74. Kf6 Kg8 75. Kg5 Kh8 76. Kxh4 Kg8 1/2-1/2

[Event "Godesberger SK 1 - PSV Duisburg 1"]
[Site "Oberliga NRW 2010/2011"]
[Date "2011.01.30"]
[Round "6.5"]
[White "Heisel, Guido"]
[Black "Armbruster, Alexander"]
[Result "1/2-1/2"]
[WhiteElo "2167"]
[BlackElo "2238"]
[PlyCount "90"]
[EventDate "2011.??.??"]

1. d4 Nf6 2. Bg5 e6 3. e4 h6 4. Bxf6 Qxf6 5. c3 d6 6. Bd3 e5 7. Ne2 g6 8. O-O
Bg7 9. f4 Qe7 10. Nd2 O-O 11. dxe5 dxe5 12. f5 Nd7 13. Ng3 Nf6 14. Qe2 Bd7 15.
h3 Rad8 16. Kh2 h5 17. Rf3 Bh6 18. Ngf1 g5 19. Rd1 g4 20. Rf2 Kh8 21. h4 Bc6
22. g3 Rd7 23. Bb5 Bxb5 24. Qxb5 Nxe4 25. Nxe4 Rxd1 26. Qxb7 Re1 27. Qc6 f6 28.
b4 Bg7 29. Kg2 Rd8 30. Rd2 Rxd2+ 31. Nfxd2 Qd8 32. Kf2 Ra1 33. Qa4 Bh6 34. Nb3
Rh1 35. Nbc5 Rh2+ 36. Kg1 Re2 37. Ne6 Qa8 38. Nxc7 Qf8 39. Qc6 Rxa2 40. Ne6
Ra1+ 41. Kg2 Qe7 42. N6c5 Ra2+ 43. Kf1 Qd8 44. Nd7 Ra1+ 45. Ke2 Ra2+ 1/2-1/2

[Event "Godesberger SK 1 - PSV Duisburg 1"]
[Site "Oberliga NRW 2010/2011"]
[Date "2011.01.30"]
[Round "6.6"]
[White "Luetke, Jens"]
[Black "Wessels, Marco"]
[Result "1-0"]
[WhiteElo "2281"]
[BlackElo "2133"]
[Annotator "Hausrath,Daniel"]
[PlyCount "169"]
[EventDate "2011.??.??"]

1. e4 c5 2. Nf3 d6 3. Bb5+ Bd7 4. Bxd7+ Nxd7 5. O-O Ngf6 6. Re1 e5 7. c3 Be7 8.
a4 O-O 9. Na3 Re8 10. Qb3 Rb8 11. d3 h6 12. Nc4 Bf8 13. h3 b6 14. Ne3 Rb7 15.
Nh2 Nh7 16. g3 Ndf6 17. Kg2 Rd7 $11 18. c4 a5 19. Qd1 Kh8 20. Ra3 Be7 21. Rb3
Rb7 22. Bd2 Qd7 23. Ra3 Ng5 24. h4 Ne6 25. Bc3 Bf8 26. Nhg4 Ng8 27. Nd5 Nc7 28.
Nge3 Nxd5 29. cxd5 Be7 30. Qg4 Qxg4 31. Nxg4 Ra8 32. Rb3 Bd8 33. Ne3 Rd7 34.
Nc4 Ra6 35. Rh1 Ne7 36. h5 Nc8 37. f4 f6 38. Kf3 Kg8 39. g4 Ra8 40. Bd2 Rf7 41.
Ke2 Rf8 42. Kd1 Ra7 43. Kc2 Rd7 44. Kc3 exf4 45. Bxf4 Re8 46. Ne3 Kf7 47. Rc1
Bc7 48. Kd2 Kf8 49. Ke2 Kf7 50. Kf3 Kf8 51. Nf5 Kf7 52. Bg3 Kf8 53. Nh4 Ne7 54.
Ng2 Kf7 55. Nf4 Nc8 56. d4 Bd8 57. Ne6 Be7 58. Rb5 Bd8 59. Ke3 Kg8 60. Kd3 Kf7
61. Rf1 Kg8 62. Kc4 Na7 63. Rb3 Nc8 64. Rbf3 Be7 65. Kd3 Na7 66. Kc4 Nc8 67.
R1f2 cxd4 68. Kxd4 Na7 69. Rb3 Rb8 70. Rc2 Kf7 71. Kd3 b5 72. Bf2 b4 73. Bxa7
Rxa7 74. Rc6 g6 75. hxg6+ Kxg6 76. Kc4 Kf7 77. Rh3 Kg6 78. Kb3 Bf8 79. Rh1 Be7
80. Rhc1 Kf7 81. Nd4 Kg6 82. Rc7 Rxc7 83. Rxc7 Bd8 84. Rd7 Bb6 85. Ne6 1-0

[Event "Godesberger SK 1 - PSV Duisburg 1"]
[Site "Oberliga NRW 2010/2011"]
[Date "2011.01.30"]
[Round "6.7"]
[White "Werner, Knud"]
[Black "Andersen, Hans-Christoph"]
[Result "1-0"]
[WhiteElo "2114"]
[BlackElo "2210"]
[PlyCount "53"]
[EventDate "2011.??.??"]

1. c4 f5 2. d3 Nf6 3. Nc3 e5 4. e4 d6 5. d4 exd4 6. Qxd4 Nc6 7. Qe3 Nb4 8. Kd1
fxe4 9. Nxe4 Nxe4 10. Qxe4+ Qe7 11. Qf4 g6 12. Bd2 Nc6 13. Nf3 Bg7 14. Bd3 Ne5
15. Re1 Bg4 16. Kc2 Bxf3 17. gxf3 O-O-O 18. Qe3 Qf7 19. Bf1 Qf5+ 20. Kc1 Qxf3
21. Qxa7 Nd3+ 22. Bxd3 Qxd3 23. Re7 Qxc4+ 24. Bc3 Qf4+ 25. Kc2 Qf5+ 26. Kb3
Qb5+ 27. Ka3 1-0

[Event "Godesberger SK 1 - PSV Duisburg 1"]
[Site "Oberliga NRW 2010/2011"]
[Date "2011.01.30"]
[Round "6.8"]
[White "Mantau, Jan"]
[Black "Spitzer, Erwin"]
[Result "0-1"]
[WhiteElo "2144"]
[BlackElo "2006"]
[PlyCount "50"]
[EventDate "2011.??.??"]

1. e4 e5 2. Nf3 f5 3. Nxe5 Qf6 4. Nc4 fxe4 5. Nc3 Qg6 6. d3 Bb4 7. Bd2 Nf6 8.
Nxe4 Bxd2+ 9. Nexd2 O-O 10. Ne3 Nc6 11. Be2 d6 12. O-O Bd7 13. c3 Ne5 14. d4
Neg4 15. Nxg4 Nxg4 16. Bxg4 Bxg4 17. f3 Be6 18. Ne4 Bc4 19. Re1 h5 20. Kh1 h4
21. h3 Rae8 22. Qd2 Bd5 23. Nf2 Rxe1+ 24. Qxe1 Rxf3 25. Ng4 Rxh3+ 0-1

[Event "SK Münster 1 - DJK Aufwärts Aachen 1"]
[Site "Oberliga NRW 2010/2011"]
[Date "2011.01.30"]
[Round "6.1"]
[White "Roeder, Matthias"]
[Black "Cuijpers, Frans"]
[Result "1/2-1/2"]
[WhiteElo "2396"]
[BlackElo "2422"]
[PlyCount "49"]
[EventDate "2011.??.??"]

1. Nf3 Nf6 2. c4 c6 3. d4 d5 4. cxd5 cxd5 5. Nc3 Nc6 6. Bf4 Bf5 7. e3 e6 8. Bb5
Nd7 9. Qb3 Be7 10. Rc1 O-O 11. O-O Rc8 12. Bxc6 bxc6 13. Na4 c5 14. dxc5 Nxc5
15. Nxc5 Bxc5 16. Rc3 Bb6 17. Rfc1 Rxc3 18. Qxc3 Be4 19. Bc7 Bxc7 20. Qxc7 Qf6
21. Qe5 Bxf3 22. Qxf6 gxf6 23. gxf3 Rb8 24. b3 a5 25. Rc7 1/2-1/2

[Event "SK Münster 1 - DJK Aufwärts Aachen 1"]
[Site "Oberliga NRW 2010/2011"]
[Date "2011.01.30"]
[Round "6.2"]
[White "Libeau, Rene Andre"]
[Black "Braun, Christian"]
[Result "1/2-1/2"]
[WhiteElo "2340"]
[BlackElo "2370"]
[PlyCount "48"]
[EventDate "2011.??.??"]

1. Nf3 g6 2. c4 Bg7 3. g3 Nf6 4. Bg2 O-O 5. O-O d6 6. Nc3 c5 7. Rb1 Nc6 8. a3
Bf5 9. d3 Qd7 10. Re1 Bh3 11. Bh1 d5 12. cxd5 Nxd5 13. Nxd5 Qxd5 14. Ng5 Qd7
15. Nxh3 Qxh3 16. Be3 Bd4 17. Bxd4 cxd4 18. Qa4 Qd7 19. Rbc1 Rac8 20. Rc4 Rfd8
21. Bxc6 Rxc6 22. Rxc6 bxc6 23. Rc1 Rb8 24. b4 Rb5 1/2-1/2

[Event "SK Münster 1 - DJK Aufwärts Aachen 1"]
[Site "Oberliga NRW 2010/2011"]
[Date "2011.01.30"]
[Round "6.3"]
[White "Gulbas, Cemil"]
[Black "Molinaroli, Martin"]
[Result "1-0"]
[WhiteElo "2325"]
[BlackElo "2214"]
[PlyCount "35"]
[EventDate "2011.??.??"]

1. e4 c6 2. d4 d5 3. Nc3 g6 4. h3 Bg7 5. Nf3 dxe4 6. Nxe4 Nf6 7. Nxf6+ Bxf6 8.
Bh6 Qb6 9. Bd3 c5 10. c3 Qxb2 11. O-O Nd7 12. Re1 e6 13. d5 Bxc3 14. dxe6 fxe6
15. Rxe6+ Kd8 16. Rb1 Qxa2 17. Bg5+ Kc7 18. Bc4 1-0

[Event "SK Münster 1 - DJK Aufwärts Aachen 1"]
[Site "Oberliga NRW 2010/2011"]
[Date "2011.01.30"]
[Round "6.4"]
[White "Rott, Georg"]
[Black "Hautot, Stephane"]
[Result "0-1"]
[WhiteElo "2137"]
[BlackElo "2396"]
[Annotator "Hausrath,Daniel"]
[PlyCount "102"]
[EventDate "2011.??.??"]

1. e4 d6 2. d4 Nf6 3. Nc3 Nbd7 4. Nf3 e5 5. Bc4 Be7 6. O-O O-O 7. Qe2 c6 8. a4
exd4 9. Nxd4 Re8 10. f3 d5 11. exd5 Bc5 12. Qf2 cxd5 13. Bb3 Ne5 14. Nce2 Nc6
15. c3 Qb6 16. Bc2 Rxe2 17. Qxe2 Bxd4+ 18. Kh1 Bc5 19. Bg5 Be6 20. Bxf6 gxf6
21. f4 f5 22. Rf3 Ne7 23. Rh3 Ng6 24. Rf1 Bf8 25. Qh5 Bg7 26. Bxf5 Bxf5 27.
Qxf5 Re8 28. Qd3 Re4 29. Rhf3 Qc6 30. b3 Bf6 31. Qd2 d4 32. cxd4 Rxd4 33. Qe3
Qe4 34. Qc1 Qc6 35. Rc3 Qd5 36. f5 Rd2 37. Rg3 Be5 38. Qc8+ Kg7 39. fxg6 Bxg3
40. Qh3 hxg6 41. Qxg3 $11 Rd3 42. Qf2 Rxb3 43. Qxa7 Rb2 44. Qg1 Ra2 45. Rd1 Qe4
46. Rd4 Qc2 47. Rb4 Qc6 48. Qd4+ f6 49. Qg1 Rxa4 50. Rb1 Ra2 51. Rc1 Rxg2 0-1

[Event "SK Münster 1 - DJK Aufwärts Aachen 1"]
[Site "Oberliga NRW 2010/2011"]
[Date "2011.01.30"]
[Round "6.5"]
[White "Skulener, Wladimir"]
[Black "Korth, Daniel"]
[Result "1-0"]
[WhiteElo "2285"]
[BlackElo "2127"]
[PlyCount "89"]
[EventDate "2011.??.??"]

1. d4 d5 2. Nf3 Nf6 3. c4 c6 4. Nc3 dxc4 5. a4 Bf5 6. e3 e6 7. Bxc4 Bb4 8. O-O
O-O 9. Nh4 Nbd7 10. f3 Bg6 11. e4 c5 12. Na2 Qb6 13. b3 Rfd8 14. Nxb4 Qxb4 15.
Bd2 Qb6 16. Be3 Qb4 17. Qe1 Qxe1 18. Rfxe1 cxd4 19. Bxd4 Kf8 20. Red1 Ke7 21.
Bb2 Nc5 22. Ba3 Rxd1+ 23. Rxd1 b6 24. a5 Rd8 25. Rc1 Nfd7 26. b4 Nb7 27. Ba6
Nd6 28. b5 Nc5 29. Bxc5 bxc5 30. Rxc5 Rb8 31. Rc7+ Kf6 32. Rc5 Ke7 33. Nxg6+
hxg6 34. Rc7+ Kf6 35. Rxa7 Nxb5 36. Rb7 Rxb7 37. Bxb7 Ke5 38. Bc6 Na7 39. Be8
Kf6 40. Kf2 Ke7 41. Ba4 g5 42. e5 f6 43. exf6+ gxf6 44. g3 f5 45. h4 1-0

[Event "SK Münster 1 - DJK Aufwärts Aachen 1"]
[Site "Oberliga NRW 2010/2011"]
[Date "2011.01.30"]
[Round "6.6"]
[White "Wolter, Kai"]
[Black "van Dooren, Dirk"]
[Result "1/2-1/2"]
[WhiteElo "2170"]
[BlackElo "2248"]
[Annotator "Hausrath,Daniel"]
[PlyCount "110"]
[EventDate "2011.??.??"]

1. e4 e5 2. Nf3 Nc6 3. Bc4 Nf6 4. d3 Bc5 5. Nc3 d6 6. h3 Na5 7. O-O h6 8. Na4
Nxc4 9. Nxc5 Nb6 10. Nb3 Be6 11. Be3 Nbd7 12. c3 O-O 13. Nbd2 d5 14. d4 exd4
15. Nxd4 Re8 16. Nxe6 Rxe6 17. Qb3 Nb6 18. Rad1 Nxe4 19. Nxe4 Rxe4 20. Bxb6
axb6 21. Rxd5 Qe7 22. Rd2 $11 Re8 23. Qd5 c6 24. Qd7 Qxd7 25. Rxd7 Re2 26. b3
Rxa2 27. Rxb7 b5 28. Rc7 Re6 29. Rc8+ Kh7 30. Rd8 g5 31. Rd3 Kg6 32. Rfd1 f5
33. g4 Rc2 34. Kg2 fxg4 35. hxg4 h5 36. Rd6 Rce2 37. gxh5+ Kxh5 38. R1d3 Kg4
39. b4 Kf4 40. R6d4+ R2e4 41. Rf3+ Kg4 42. Rg3+ Kf5 43. Rf3+ Kg6 44. Rfd3 Rxd4
45. Rxd4 Kf5 46. Kg3 Rh6 47. f3 Rh4 48. Rd8 Rc4 49. Rd3 Ke5 50. Re3+ Kf6 51.
Rd3 Kf5 52. Re3 c5 53. bxc5 Rxc5 54. Rd3 Re5 55. Rd6 Rc5 1/2-1/2

[Event "SK Münster 1 - DJK Aufwärts Aachen 1"]
[Site "Oberliga NRW 2010/2011"]
[Date "2011.01.30"]
[Round "6.7"]
[White "Tochtenhagen, Wolfgang"]
[Black "Kamp, Christoph"]
[Result "0-1"]
[WhiteElo "2127"]
[BlackElo "2151"]
[Annotator "Hausrath,Daniel"]
[PlyCount "136"]
[EventDate "2011.??.??"]

1. e4 e6 2. d4 d5 3. e5 c5 4. c3 Qb6 5. Nf3 Nc6 6. a3 c4 7. Be2 Bd7 8. Nbd2 Na5
9. a4 O-O-O 10. O-O f5 11. Ne1 Ne7 12. b4 cxb3 13. Nd3 Nec6 14. Ba3 b2 15. Bxb2
Nc4 16. Qc2 N6a5 17. Nxc4 Nxc4 18. Rfb1 Qc7 19. Bc1 Kb8 20. Nb4 $11 Ka8 21.
Bxc4 Qxc4 22. Bd2 Rc8 23. Qb3 Be7 24. Nc2 Rc7 25. Qxc4 Rxc4 26. a5 Rhc8 27. Ne3
R4c7 28. g3 Be8 29. f3 Rc6 30. Rc1 Bg5 31. Kf2 f4 32. gxf4 Bxf4 33. Rg1 Bg6 34.
h4 Rf8 35. Raf1 Bd3 36. Rc1 Rc7 37. c4 Bxc4 38. Nxc4 dxc4 39. Bxf4 Rxf4 40. Rg4
Rf8 41. Ke3 b5 42. axb6 axb6 43. f4 b5 44. d5 exd5 45. Kd4 Rd8 46. f5 b4 47. h5
c3 48. Kd3 d4 49. h6 gxh6 50. Rxd4 Rxd4+ 51. Kxd4 c2 52. e6 b3 53. f6 b2 54. e7
b1=Q 55. e8=Q+ Ka7 56. Qe3 Qb6+ 57. Ke4 Rc5 58. Qd4 Qc6+ 59. Ke3 Kb7 60. Qb4+
Kc7 61. Qf4+ Qd6 62. Qxh6 Re5+ 63. Kf2 Qd4+ 64. Kg2 Qg4+ 65. Kf1 Qd1+ 66. Kf2
Re2+ 67. Kg3 Qd3+ 68. Kg4 Re4+ 0-1

[Event "SK Münster 1 - DJK Aufwärts Aachen 1"]
[Site "Oberliga NRW 2010/2011"]
[Date "2011.01.30"]
[Round "6.8"]
[White "Bolwerk, Peter"]
[Black "Hennicken, Reinhard"]
[Result "1-0"]
[WhiteElo "2180"]
[BlackElo "1991"]
[Annotator "Hausrath,Daniel"]
[PlyCount "179"]
[EventDate "2011.??.??"]

1. e4 e5 2. Bc4 Nf6 3. d3 c6 4. Nf3 d5 5. Bb3 Bg4 6. h3 Bxf3 7. Qxf3 dxe4 8.
dxe4 Qd4 9. Nd2 Nbd7 10. c3 Qd6 11. Nc4 Qc7 12. Bg5 Be7 13. Ne3 O-O 14. Nf5 Nc5
15. Bh6 Ne8 16. Qg4 Bf6 17. O-O Nxb3 18. axb3 Kh8 $11 19. Be3 a6 20. Rfd1 Rd8
21. Bc5 Rg8 22. Rxd8 Bxd8 23. Rd1 Nf6 24. Qe2 Re8 25. Nd6 Re6 26. Nxb7 Qxb7 27.
Rxd8+ Re8 28. Qd3 Rxd8 29. Qxd8+ Ng8 30. b4 h6 31. c4 Kh7 32. Qd6 f6 33. g3 h5
34. Qe6 Nh6 35. b3 Qc7 36. Kf1 Qb7 37. Ke2 Qc7 38. Kd3 Qd8+ 39. Kc2 Qc7 40. Kb2
Qd8 41. Kc2 Qc7 42. Qe8 Nf7 43. Be7 Nh6 44. f3 Qb7 45. Kb2 Qb6 46. Bc5 Qc7 47.
Qxh5 Qd7 48. Kc2 Qd8 49. f4 exf4 50. gxf4 Qd7 51. Qf3 Kg8 52. Qd3 Qe6 53. Bd4
Qd6 54. Qd2 Qe6 55. Qe3 Nf7 56. Bc5 Qd7 57. Qd3 Qc7 58. Be3 Qe7 59. c5 Qb7 60.
Bd2 Qe7 61. h4 Nd8 62. h5 Nf7 63. Qc4 Kf8 64. Qd3 Qe6 65. Kb2 Qc8 66. Ka3 Qb7
67. Qh3 Ke7 68. Bc3 Qd7 69. Qf1 Qb7 70. Qg2 Kf8 71. e5 fxe5 72. fxe5 Nd8 73.
Qh3 Qe7 74. h6 gxh6 75. Qxh6+ Qg7 76. Qh3 Qf7 77. Qd3 Ne6 78. Qxa6 Qd7 79. Qf1+
Kg8 80. Qf6 Qa7+ 81. Kb2 Qd7 82. Qf3 Qe8 83. Qd3 Kf7 84. Qf5+ Ke7 85. Qh7+ Kd8
86. Qb7 Qd7 87. Qb8+ Qc8 88. Qd6+ Qd7 89. b5 Qxd6 90. exd6 1-0

[Event "Aachener SV 1 - SV Castrop-Rauxel 1"]
[Site "Oberliga NRW 2010/2011"]
[Date "2011.01.30"]
[Round "6.1"]
[White "van Oosterom, Chiel"]
[Black "Koch, Thomas"]
[Result "1/2-1/2"]
[WhiteElo "2424"]
[BlackElo "2400"]
[Annotator "Hausrath,Daniel"]
[PlyCount "54"]
[EventDate "2011.??.??"]

1. c4 e5 2. g3 Nf6 3. Bg2 c5 4. Nc3 Nc6 5. d3 Be7 6. Nf3 O-O 7. Nd2 d6 8. Nf1
Ne8 9. Ne3 Bg5 10. O-O Bxe3 11. Bxe3 Be6 12. f4 Qd7 13. Qb3 Nd4 14. Bxd4 exd4
15. Nd1 Rb8 $11 16. e4 f6 17. Qc2 b5 18. cxb5 Qxb5 19. b3 Nc7 20. Nb2 Na6 21.
Rfc1 Qd7 22. Qd2 Rfe8 23. Bf3 Nb4 24. Qg2 Bh3 25. Qd2 Be6 26. Qg2 Bh3 27. Qd2
Be6 1/2-1/2

[Event "Aachener SV 1 - SV Castrop-Rauxel 1"]
[Site "Oberliga NRW 2010/2011"]
[Date "2011.01.30"]
[Round "6.2"]
[White "Piceu, Tom"]
[Black "Michielsen, Joost"]
[Result "1/2-1/2"]
[WhiteElo "2328"]
[BlackElo "2354"]
[PlyCount "86"]
[EventDate "2011.??.??"]

1. d4 Nf6 2. c4 g6 3. Nc3 d5 4. Nf3 Bg7 5. e3 O-O 6. Be2 c5 7. O-O Nc6 8. dxc5
dxc4 9. Qa4 Nd5 10. Bd2 Nxc3 11. Bxc3 Bxc3 12. bxc3 Bg4 13. Qxc4 Bxf3 14. Bxf3
Qc7 15. Rab1 Rab8 16. Qf4 Rfc8 17. Rfd1 a6 18. h4 Qxf4 19. exf4 Na5 20. Rd7
Rxc5 21. Rxe7 Rxc3 22. Rd1 Rc4 23. g3 Nc6 24. Rc7 Ne5 25. Rxc4 Nxc4 26. Rd7 b5
27. Bd5 a5 28. Rxf7 Kh8 29. h5 a4 30. Ra7 gxh5 31. Be4 Nd2 32. Rxh7+ Kg8 33.
Bg6 Rb6 34. f5 b4 35. Rd7 Nf3+ 36. Kg2 Ne5 37. Rd1 b3 38. axb3 axb3 39. Rb1 b2
40. f4 Nc4 41. f6 Na3 42. Rh1 Rxf6 43. Be4 Kf8 1/2-1/2

[Event "Aachener SV 1 - SV Castrop-Rauxel 1"]
[Site "Oberliga NRW 2010/2011"]
[Date "2011.01.30"]
[Round "6.3"]
[White "Racherbaeumer, Marcel"]
[Black "Sonntag, Hans-Hubert"]
[Result "0-1"]
[WhiteElo "2246"]
[BlackElo "2362"]
[PlyCount "66"]
[EventDate "2011.??.??"]

1. e4 e5 2. Nf3 Nc6 3. Bb5 a6 4. Ba4 Nf6 5. O-O Be7 6. Re1 b5 7. Bb3 d6 8. c3
O-O 9. h3 Na5 10. Bc2 c5 11. d4 Qc7 12. Nbd2 cxd4 13. cxd4 Nc6 14. d5 Nb4 15.
Bb1 a5 16. a3 Na6 17. b4 axb4 18. axb4 Bd7 19. Ba3 Nxb4 20. Nb3 Ra4 21. Qd2 Qc4
22. Bxb4 Qxb4 23. Qxb4 Rxb4 24. Na5 Ra8 25. Bd3 Ra4 26. Rxa4 bxa4 27. Nc6 Bd8
28. Ra1 Bb6 29. Nd2 Kf8 30. Nc4 Bc5 31. Kf1 Nh5 32. Be2 Nf4 33. Bg4 Be8 0-1

[Event "Aachener SV 1 - SV Castrop-Rauxel 1"]
[Site "Oberliga NRW 2010/2011"]
[Date "2011.01.30"]
[Round "6.4"]
[White "Coenen, Norbert"]
[Black "Kartsev, Soel"]
[Result "1-0"]
[WhiteElo "2343"]
[BlackElo "2130"]
[PlyCount "97"]
[EventDate "2011.??.??"]

1. e4 c6 2. d4 d5 3. Nc3 dxe4 4. Nxe4 Bf5 5. Ng3 Bg6 6. h4 h6 7. Nf3 Nd7 8. h5
Bh7 9. Bd3 Bxd3 10. Qxd3 e6 11. Bf4 Ngf6 12. O-O-O Be7 13. Kb1 O-O 14. Ne4 Qa5
15. Nxf6+ Nxf6 16. Ne5 Rad8 17. Qe2 c5 18. dxc5 Qxc5 19. g4 Rxd1+ 20. Rxd1 Nd5
21. Bd2 Rc8 22. c4 Bf6 23. Nd3 Qc7 24. cxd5 Qc2+ 25. Ka1 exd5 26. Re1 Rc6 27.
Be3 Qa4 28. Nc5 Qb4 29. Nd3 Qa4 30. Kb1 b6 31. f3 Re6 32. Qc2 Qd7 33. Bf4 Rc6
34. Qd2 Rc4 35. Qe2 Rc8 36. Rc1 Re8 37. Qc2 Qb5 38. Qb3 Qa5 39. Nb4 d4 40. a3
b5 41. Rc7 Rf8 42. Bd6 Rd8 43. Qxf7+ Kh8 44. Bf8 Qxc7 45. Qxc7 Rxf8 46. Nd3 Re8
47. Qxa7 Re3 48. Qb8+ Kh7 49. Qxb5 1-0